The Song of God, Bhagavad gita / (Record no. 719)
[ view plain ]
| 000 -LEADER | |
|---|---|
| fixed length control field | 00764cam a2200205 4500 |
| 001 - CONTROL NUMBER | |
| control field | 1016 |
| 005 - DATE AND TIME OF LATEST TRANSACTION | |
| control field | 20181127162519.0 |
| 008 - FIXED-LENGTH DATA ELEMENTS--GENERAL INFORMATION | |
| fixed length control field | 761216r19761944enk 000 0 eng |
| 010 ## - LIBRARY OF CONGRESS CONTROL NUMBER | |
| LC control number | 76382475 |
| 020 ## - INTERNATIONAL STANDARD BOOK NUMBER | |
| International Standard Book Number | 0460004956 |
| 041 1# - LANGUAGE CODE | |
| Language code of text/sound track or separate title | engsan |
| 130 0# - MAIN ENTRY--UNIFORM TITLE | |
| Uniform title | Bhagavad-Gita. |
| Language of a work | English. |
| 245 14 - TITLE STATEMENT | |
| Title | The Song of God, Bhagavad gita / |
| Statement of responsibility, etc. | translated [from the Sanskrit] by Swami Prabhavananda and Christopher Isherwood ; with an introduction by Aldous Huxley. |
| 260 ## - PUBLICATION, DISTRIBUTION, ETC. | |
| Place of publication, distribution, etc. | New York : |
| Name of publisher, distributor, etc. | New American Library, |
| Date of publication, distribution, etc. | 1962. |
| 300 ## - PHYSICAL DESCRIPTION | |
| Extent | 143 p. ; |
| Other physical details | 19 cm. |
| 490 0# - SERIES STATEMENT | |
| Series statement | A Mentor Religious Classic |
| 500 ## - GENERAL NOTE | |
| General note | First ed. published in 1944 under title: Bhagavad-gita, the song of God. |
| 700 0# - ADDED ENTRY--PERSONAL NAME | |
| Personal name | Prabhavananda, |
| Titles and other words associated with a name | Swami, |
| Dates associated with a name | 1893-1976. |
| Personal name | Isherwood, Christopher, |
| Dates associated with a name | 1904-1986. |
| Withdrawn status | Lost status | Source of classification or shelving scheme | Damaged status | Not for loan | Collection code | Home library | Current library | Shelving location | Serial Enumeration / chronology | Inventory number | Total Checkouts | Full call number | Barcode | Date last seen | Price effective from | Koha item type |
|---|---|---|---|---|---|---|---|---|---|---|---|---|---|---|---|---|
| Dewey Decimal Classification | Main TEST | RTC Library | RTC Library | Main opac | 2110 | 294.59 GIT | 30002201 | 27/11/2018 | 27/11/2018 | Main |